000 01563nam a2200229Ia 4500
003 Ost
005 20260507075309.0
008 260507s9999||||xx |||||||||||||| ||und||
020 _a4143703977
040 _cfsecg
041 _aara
082 _a330
100 _aالشواربي، عبد الحميد
_eمؤلف
245 0 _aعمليات البنوك :
_bفي ضوء الفقه ، القضاء ، التشريع و صيغ العقود و الدعاوى التجارية وفقا لقانون التجارة رقم 17لسنة 1999 /
_c عبد الحميد الشواربي
260 _aالاسكندرية:
_bالمعارف,
_c2005
300 _a815 صفحة؛
_c25 سم
520 _aتطور النظام المصرفي المصري ، التطرق الى 1)عمليات الايداع بما فيها إيداع النقود ، عقد إيداع الصكوك ، إيحار الخزائن الحديدية ، رهن الأوراق المالية و التحويل المصرفي أو النقل المصرفي ، 2) عمليات الإئتمان بالتطرق الى الأقراض و فتح الاعتماد ، الواجبات المهنية للمصرف بصدد طلبات فتح الاعتماد بالتطرق الى فتح الاعتماد البسيط ، الاعتماد المستندي ، الخصم ، خطاب الضمان ، الحساب الجاري ثم الانتقال الى مسؤولية البنوك.
653 _aالإقتصاد الإسلامي
653 _aالبنوك
653 _aالعقود
942 _cكتاب
999 _c43835
_d43835